| 000 | 01460nam a2200289Ia 4500 | ||
|---|---|---|---|
| 003 | OSt | ||
| 005 | 20210714105450.0 | ||
| 008 | 210310s1977 mx ad gr 000 0 spa d | ||
| 040 |
_aCO-JMCR _cCO-JMCR |
||
| 041 | 1 |
_aspa _heng |
|
| 050 | _aPrimera edición | ||
| 082 | 0 | 4 |
_a332.04104 / _bH257c _223 |
| 100 | 1 |
_aHarcourt, Geoffrey Colin, _eautor _926773 |
|
| 245 | 0 |
_aCapital y crecimiento / _cGeoffrey Colin Harcourt, N. F. laing ; traducción de de Eduardo L. Suárez |
|
| 250 | _aPrimera edición | ||
| 260 |
_aMéxico : _bFondo de Cultura Económica _c1977 |
||
| 300 |
_b382 páginas : _ailustraciones y gráficas en blanco y negro ; _c19 cm. |
||
| 490 | 0 |
_aLecturas ; _v18 |
|
| 504 | _aBibliografía: páginas 363-368. | ||
| 505 | 0 | _aEl capital como una unidad independiente de la distribución y de los precios. -- Una aplicación económica del concepto de una función de producción neoclásica agregada. -- La tasa de rendimiento sobre la inversión. -- Preludio de una crítica a la teoría económico. -- El debate del cambio doble y la revisión del capital. -- la tasa de la guanacias en la sociedad capitalista. -- La teoría del crecimiento ótico. | |
| 650 | 1 | 4 |
_aCapital discursos _xensayos _926775 |
| 650 | 2 | 4 |
_aConferencias _xCrecimiento económico _938442 |
| 650 | 2 | 4 |
_aDiscursos _xensayos económicos _938443 |
| 700 | 1 |
_aLaing, N. F., _eautor _938444 |
|
| 700 | 1 |
_aSuárez, Eduardo L., _etraducción _94465 |
|
| 942 |
_2ddc _cBK |
||
| 999 |
_c11907 _d11907 |
||